Figures in the Russian Civil War - Statistics

General Stats
  • This quiz has been taken 31 times
  • The average score is 9 of 30
Answer Stats
Hint Answer % Correct
The leader of the Bolsheviks Vladimir Lenin
100%
Bolshevik general who would become the second leader of the USSR Ioseph Stalin
96%
The last Tsar of Russia Tsar Nikolai II
96%
Founder of the Red Army Lev Trotsky
87%
General who launched a putsch on Petrograd Lavr Kornilov
52%
Prime Minister of the provisional government Prior to the October Revolution Alexander Kerensky
48%
Anarchist revolutionary who lead the Ukrainian Free Territory Nestor Makhno
48%
Admiral who lead the Provisional Siberian Government Alexander Kolchak
43%
General and leader of the South Russian Volunteer Army Anton Denikin
43%
Baltic-German cavalry general who liberated Mongolia to gain support for the whites Roman Von Ungern-Sturnburg
35%
High ranking Bolshevik who was the first leader of the Communist International and was later purged by Stalin Grigory Zinoviev
30%
High ranking Bolshevik who would later lead the "right opposition" to Stalin Nikolai Bukharin
30%
General who had a rivalry with the previous answer and lead the last white holdout in Crimea Pyotr Wrangel
30%
Prime minister of Poland who halted Bolshevik forces on the Vistula Józef Piłsudski
26%
Ottoman General who supported the Basmachi movement Enver Pasha
17%
Red Army general who almost won the battle of Warsaw Mikhail Tukhachevsky
17%
Hetman of the Ukrainian State Pavlo Skoropadsky
17%
Red Army general often blamed for the above defeat Semyon Budyonny
17%
Former Socialist Revolutionary terrorist who joined the Whites during the ice march Boris Savinkov
13%
Ataman of the Transbaikal Cossack Host Grigory Semyenov
13%
Leader of the Ukrainian directorate and Supreme Commander of the Ukrainian People's Army Symon Petliura
13%
General in the Czechoslovak Legion known for his eye-patch Jan Syrový
9%
Bolshevik who was commissar of foreign affairs and a devoted Trotskyite Karl Radek
9%
Bolshevik general who commanded the Siberian front Vasily Blyukher
9%
Ataman of the Orenburg Cossack Host Alexader Dutov
4%
Basmachi Leader who was also the last Khan of Khiva Junaid Khan
4%
Leader of the left SR's Maria Spiridonova
4%
Baltic-German White Army general who served in the far-east Mikhail Diterikhs
4%
White Russian general who captured Rostov-on-Don in the early days of the civil war Mikhail Drozdovsky
4%
Ataman of the Don Cossack Host Pyotr Krasnov
4%
No matching quizzes found
Score Distribution
Percent of People with Each Score
Percentile by Number Answered
Your Score History
You have not taken this quiz